Fundamentals of information systems security (Record no. 30330)

MARC details
000 -LEADER
fixed length control field 00565nam a2200193Ia 4500
020 ## - INTERNATIONAL STANDARD BOOK NUMBER
ISBN 9781284220737
050 ## - CALL MARK
Classification number QA769. A25. K56/
100 ## - STATEMENT OF RESPONSIBILITY--MAIN AUTHOR NAME
Personal name Kim David
245 #0 - TITLE STATEMENT
Title Fundamentals of information systems security
250 ## - EDITION / VOLUME STATEMENT
Edition / Volume statement 4th edi.
260 ## - PUBLICATION, DISTRIBUTION, ETC. (IMPRINT)
Place of publication USA
260 ## - PUBLICATION, DISTRIBUTION, ETC. (IMPRINT)
Name of publisher Jones & Bartlett
260 ## - PUBLICATION, DISTRIBUTION, ETC. (IMPRINT)
Year of publication 2023
300 ## - PHYSICAL DESCRIPTION
Number of Pages 544 p
650 ## - SUBJECT ADDED ENTRY--TOPICAL TERM
Topical Term Computer security. Computer networks--Security measures. Information storage and retrieval systems--Security measures.
942 ## - ADDED ENTRY ELEMENTS (KOHA)
Koha item type Books
Holdings
Withdrawn status Lost status Source of classification or shelving scheme Damaged status Not for loan Permanent Location Current Location Shelving location Date acquired Accession Number Price effective from Koha item type
    Library of Congress Classification     NILE UNIVERSITY OF NIGERIA - MAIN LIBRARY NILE UNIVERSITY OF NIGERIA - MAIN LIBRARY Items on shelf 04/23/2025 0196325 04/23/2025 Books